[Event "ITA-ch U14"]
[Site "Merano"]
[Date "2008.07.10"]
[Round "7"]
[White "Mennuti, Alberto"]
[Black "Guerriero, Antonello"]
[Result "1-0"]
[WhiteElo "1818"]
[BlackElo "1446"]
[PlyCount "65"]
[EventDate "2008.07.06"]
[EventType "swiss"]
[EventRounds "9"]
[EventCountry "ITA"]
[SourceTitle "EXT 2011"]
[Source "ChessBase"]
[SourceDate "2010.11.26"]
[SourceVersion "1"]
[SourceVersionDate "2010.11.26"]
[SourceQuality "1"]

1. d4 Nf6 2. c4 g6 3. Nc3 Bg7 4. e4 d6 5. Nf3 c5 6. Be2 Nc6 7. d5 Na5 8. 0-0 0-0 9. Ne1 b6 10. f4 h6 11. e5 Nd7 12. Nf3 h5 13. e6 Nf6 14. exf7+ Kxf7 15. Ng5+ Kg8 16. Ne6 Bxe6 17. dxe6 Nh7 18. Bd3 Rf6 19. f5 g5 20. Qxh5 Rh6 21. Qf7+ Kh8 22. Nd5 Nc6 23. Be4 Rc8 24. g3 Bf8 25. b3 Bg7 26. h4 Bd4+ 27. Kg2 Bxa1 28. Bxg5 Nxg5 29. hxg5 Rh7 30. Rh1 Rxh1 31. Kxh1 Qf8 32. Qh5+ Kg8 33. f6 1-0